Miasta z drugim członem "wielkopolski/-ska" - Statystyki

Ogólne statystyki
  • Ten quiz został rozwiązany 57 razy
  • Średni wynik to 5 z 9
Statystyki odpowiedzi
Odpowiedź % Poprawnych
Gorzów
84%
Ostrów
76%
Środa
64%
Grodzisk
62%
Krzyż
50%
Borek
36%
Książ
32%
Koźmin
30%
Janowiec
20%
Nie znaleziono quizów pasujących do podanych kryteriów
Rozkład punktacji
Procent ludzi z każdym wynikiem
Percentyl według liczby udzielonych odpowiedzi
Twoja historia wyników
Nie rozwiązałeś tego quizu